Amazing Earth QUIZ 🌎 - Statistics

General Stats
  • This quiz has been taken 41 times
  • The average score is 4 of 6
Answer Stats
Question Answer % Correct
What is the tallest mountain above sea level on Earth? Mount Everest
96%
Which continent is the largest? Asia
92%
How many continents does Earth have? Seven
83%
What formed the Grand Canyon? The Colorado River
79%
What is so big that it can be seen from space? The Great Barrier Reef
46%
Why are the White Cliffs at Dover white? From seashells and sea creatures
29%
No matching quizzes found
Score Distribution
Percent of People with Each Score
Percentile by Number Answered
Your Score History
You have not taken this quiz